[Event "Gligoric Cup 1st"]
[Site "Banja Koviljaca"]
[Date "2013.05.21"]
[Round "2.7"]
[White "Markovic, Dragan"]
[Black "Skoko, Milan"]
[Result "1/2-1/2"]
[WhiteElo "2238"]
[BlackElo "2236"]
[PlyCount "76"]
[EventDate "2013.05.20"]
[EventType "team-swiss"]
[EventRounds "7"]
[EventCountry "SRB"]
[SourceTitle "CBM 154 Extra"]
[Source "ChessBase"]
[SourceDate "2013.06.25"]
[SourceVersion "2"]
[SourceVersionDate "2013.06.25"]
[SourceQuality "1"]
[WhiteTeam "Loznica"]
[BlackTeam "Stara Pazova"]
[WhiteTeamCountry "SRB"]
[BlackTeamCountry "SRB"]

1. e4 c5 2. c3 Nf6 3. e5 Nd5 4. d4 cxd4 5. Nf3 Nc6 6. cxd4 d6 7. Nc3 dxe5 8. dxe5 Ndb4 9. a3 Qxd1+ 10. Kxd1 Na6 11. Bxa6 bxa6 12. Nd5 Rb8 13. Re1 e6 14. Nc3 Be7 15. Ke2 0-0 16. Be3 Bb7 17. Rad1 Rfd8 18. Rxd8+ Rxd8 19. Rd1 Rxd1 20. Kxd1 Na5 21. Bxa7 Nc4 22. Kc2 Bxf3 23. gxf3 Nxe5 24. f4 Ng6 25. Be3 Bd6 26. Ne2 Kf8 27. Kd3 Ke8 28. b4 Kd7 29. Kc4 Ne7 30. Nc3 Nf5 31. Ne4 Kc6 32. Ng5 e5 33. fxe5 Bxe5 34. h3 Nd6+ 35. Kb3 h6 36. Nf3 f6 37. a4 g5 38. Nxe5+ fxe5 1/2-1/2

[Event "SRB-chT3 North"]
[Site "Kragujevac"]
[Date "2010.10.10"]
[Round "5"]
[White "Markovic, Dragan"]
[Black "Markovic, Dragan"]
[Result "1/2-1/2"]
[WhiteElo "2209"]
[BlackElo "2181"]
[PlyCount "98"]
[EventDate "2010.09.12"]
[EventType "team"]
[EventRounds "11"]
[EventCountry "SRB"]
[SourceTitle "EXT 2012"]
[Source "ChessBase"]
[SourceDate "2011.11.24"]
[SourceVersion "1"]
[SourceVersionDate "2011.11.24"]
[SourceQuality "1"]

1. e4 c5 2. c3 Nf6 3. e5 Nd5 4. d4 cxd4 5. Nf3 Nc6 6. cxd4 d6 7. Nc3 dxe5 8. dxe5 Nxc3 9. Qxd8+ Nxd8 10. bxc3 Nc6 11. Rb1 g6 12. Bb5 Bd7 13. Nd4 Nxe5 14. Bxd7+ Nxd7 15. Rxb7 Nc5 16. Rb1 e5 17. Nb5 Kd7 18. 0-0 Be7 19. c4 Kc6 20. Nc3 Rab8 21. Be3 Rxb1 22. Rxb1 Bd6 23. Nd5 Rb8 24. Ne7+ Kc7 25. Rxb8 Kxb8 26. Bxc5 Bxc5 27. Nc6+ Kc7 28. Nxe5 f6 29. Nd3 Kb6 30. Kf1 Bd4 31. Ke2 Ka5 32. Kd2 Ka4 33. Kc2 Ka3 34. Kb1 Ka4 35. f3 g5 36. g4 h6 37. Kc2 Ka3 38. c5 Ka4 39. c6 Bb6 40. Nc5+ Kb5 41. Nd7 Bc7 42. h3 Kxc6 43. Nxf6 Be5 44. Ng8 Bg7 45. Ne7+ Kc5 46. Nf5 Bf8 47. Kc3 Kd5 48. Kd3 Ke5 49. Ke3 Bc5+ 1/2-1/2

[Event "Bizovac Metalis op 15th"]
[Site "Bizovac"]
[Date "2008.02.24"]
[Round "7"]
[White "Markovic, Dragan"]
[Black "Orak, Ljubomir"]
[Result "0-1"]
[WhiteElo "2154"]
[BlackElo "2325"]
[PlyCount "122"]
[EventDate "2008.02.21"]
[EventType "swiss"]
[EventRounds "7"]
[EventCountry "CRO"]
[SourceTitle "CBM 122 Extra"]
[Source "ChessBase"]
[SourceDate "2008.03.04"]
[SourceVersion "1"]
[SourceVersionDate "2008.03.04"]
[SourceQuality "1"]

1. e4 c5 2. Nf3 e6 3. d4 cxd4 4. Nxd4 Nf6 5. Nc3 d6 6. Bc4 Be7 7. Be3 0-0 8. Qe2 a6 9. Bb3 b5 10. f3 Qc7 11. 0-0 Bd7 12. a3 Nc6 13. Nxc6 Bxc6 14. Bd4 Qb7 15. Rfe1 a5 16. Rad1 b4 17. Nd5 Nxd5 18. exd5 Bb5 19. Qe4 e5 20. axb4 f5 21. Qe3 axb4 22. f4 Bh4 23. fxe5 Bxe1 24. Qxe1 dxe5 25. Bc5 Rfe8 26. Qxb4 Qd7 27. c4 Ba4 28. Bxa4 Rxa4 29. Qb5 Qxb5 30. cxb5 Rd8 31. d6 Kf7 32. d7 Raa8 33. Bb6 Ke6 34. Bxd8 Rxd8 35. Rd3 Rxd7 36. Rb3 Kd6 37. Kf2 Kc5 38. b6 Rb7 39. Kf3 Rxb6 40. Rc3+ Kd4 41. Rc7 Rb3+ 42. Kf2 Rxb2+ 43. Kf1 g5 44. Rxh7 Ke3 45. Rh3+ Ke4 46. Rh5 Ke3 47. Rh3+ Kf4 48. Rf3+ Ke4 49. Rg3 g4 50. Ra3 f4 51. Ra4+ Kf5 52. Kg1 f3 53. gxf3 gxf3 54. h4 e4 55. h5 Rg2+ 56. Kh1 Rg5 57. h6 Kf4 58. Ra6 e3 59. Ra4+ Kg3 60. Kg1 Rh5 61. Ra6 f2+ 0-1

[Event "Bizovac Metalis op 13th"]
[Site "Bizovac"]
[Date "2006.02.26"]
[Round "7"]
[White "Rosandic, Denis"]
[Black "Markovic, Dragan"]
[Result "1/2-1/2"]
[WhiteElo "2289"]
[BlackElo "2136"]
[PlyCount "45"]
[EventDate "2006.02.23"]
[EventType "swiss"]
[EventRounds "7"]
[EventCountry "CRO"]
[SourceTitle "CBM 110 Extra"]
[Source "ChessBase"]
[SourceDate "2006.03.10"]
[SourceVersion "2"]
[SourceVersionDate "2006.03.10"]
[SourceQuality "1"]

1. e4 c5 2. c3 Nf6 3. e5 Nd5 4. d4 cxd4 5. cxd4 d6 6. Nf3 Nc6 7. Bc4 Nb6 8. Bb5 Bd7 9. exd6 e6 10. Nc3 Bxd6 11. 0-0 a6 12. Bd3 Nb4 13. Bb1 Bc6 14. Ne4 N4d5 15. Ne5 Nf6 16. Nxc6 bxc6 17. Qf3 Nbd5 18. Bd2 Rb8 19. b3 Nxe4 20. Qxe4 Bb4 21. Bxb4 Rxb4 22. Bd3 Qf6 23. Bc4 1/2-1/2

[Event "Bizovac Metalis op 13th"]
[Site "Bizovac"]
[Date "2006.02.23"]
[Round "2"]
[White "Leventic, Ivan"]
[Black "Markovic, Dragan"]
[Result "1-0"]
[WhiteElo "2481"]
[BlackElo "2136"]
[PlyCount "81"]
[EventDate "2006.02.23"]
[EventType "swiss"]
[EventRounds "7"]
[EventCountry "CRO"]
[SourceTitle "CBM 110 Extra"]
[Source "ChessBase"]
[SourceDate "2006.03.10"]
[SourceVersion "2"]
[SourceVersionDate "2006.03.10"]
[SourceQuality "1"]

1. e4 c5 2. Nf3 d6 3. d4 cxd4 4. Nxd4 Nf6 5. f3 e5 6. Bb5+ Bd7 7. Bxd7+ Qxd7 8. Nf5 d5 9. Bg5 dxe4 10. Bxf6 Qxd1+ 11. Kxd1 gxf6 12. fxe4 Nc6 13. c3 Rg8 14. g3 0-0-0+ 15. Ke2 Rg4 16. Nd2 Ne7 17. Nxe7+ Bxe7 18. Rad1 h5 19. Rhg1 Rdg8 20. Kf3 h4 21. Rg2 hxg3 22. hxg3 R4g7 23. Nf1 Rd8 24. Rxd8+ Bxd8 25. Rh2 Kd7 26. Rd2+ Ke8 27. Ne3 Rh7 28. Kg2 Bc7 29. Nf5 Rh8 30. Rd5 Rh7 31. b4 Rh8 32. c4 Rg8 33. c5 Rg4 34. Kf3 Rg5 35. b5 Rg8 36. c6 bxc6 37. bxc6 Rh8 38. Rd7 Bb6 39. Nd6+ Kf8 40. Rxf7+ Kg8 41. c7 1-0

[Event "Bizovac Metalis op 12th"]
[Site "Bizovac"]
[Date "2005.02.25"]
[Round "4"]
[White "Jurkovic, Ante"]
[Black "Markovic, Dragan"]
[Result "1-0"]
[WhiteElo "2331"]
[BlackElo "2165"]
[PlyCount "75"]
[EventDate "2005.02.24"]
[EventType "swiss"]
[EventRounds "7"]
[EventCountry "CRO"]
[SourceTitle "CBM 105 Extra"]
[Source "ChessBase"]
[SourceDate "2005.05.01"]
[SourceVersion "1"]
[SourceVersionDate "2005.05.01"]
[SourceQuality "1"]

1. e4 c5 2. Nf3 d6 3. d4 cxd4 4. Nxd4 Nf6 5. Nc3 a6 6. Be3 e5 7. Nb3 Be6 8. Qd2 Be7 9. 0-0-0 Nbd7 10. f3 Qc7 11. g4 b5 12. Kb1 b4 13. Ne2 a5 14. Ng3 Nb6 15. Nf5 Bxf5 16. gxf5 a4 17. Nc1 Nc4 18. Bxc4 Qxc4 19. b3 Qb5 20. Rhg1 axb3 21. cxb3 g6 22. Bh6 Rg8 23. Bg5 Ra6 24. Bxf6 Bxf6 25. Nd3 Rb6 26. Nb2 Be7 27. Nc4 Ra6 28. Qh6 Kd7 29. Rd5 Qb8 30. Qxh7 f6 31. Qf7 Qf8 32. Qe6+ Kc7 33. fxg6 Rg7 34. Ne3 Qa8 35. Rd2 Qa7 36. Rc1+ Rc6 37. Nd5+ Kb7 38. Qd7+ 1-0

[Event "Bizovac Metalis op 10th"]
[Site "Bizovac"]
[Date "2003.02.27"]
[Round "3"]
[White "Brkic, Ante"]
[Black "Markovic, Dragan"]
[Result "1-0"]
[WhiteElo "2402"]
[BlackElo "2226"]
[PlyCount "105"]
[EventDate "2003.02.26"]
[EventType "swiss"]
[EventRounds "9"]
[EventCountry "CRO"]
[SourceTitle "CBM 092 Extra"]
[Source "ChessBase"]
[SourceDate "2003.03.07"]
[SourceVersion "1"]
[SourceVersionDate "2003.03.07"]
[SourceQuality "1"]

1. e4 c5 2. Nf3 d6 3. d4 cxd4 4. Nxd4 Nf6 5. Nc3 a6 6. Bg5 e6 7. f4 Be7 8. Qf3 Qc7 9. 0-0-0 h6 10. Bh4 Nbd7 11. Be2 b5 12. Bxf6 Nxf6 13. e5 Bb7 14. Qg3 dxe5 15. fxe5 Nd7 16. Nxe6 fxe6 17. Bh5+ Kd8 18. Qxg7 Rf8 19. Bg4 Qc4 20. Rxd7+ Kxd7 21. Rd1+ Kc7 22. Qxe7+ Kb6 23. Rd6+ Ka7 24. Bf3 Rxf3 25. gxf3 Qf4+ 26. Kb1 Rg8 27. Rd7 Qxf3 28. a4 Qf1+ 29. Nd1 Ka8 30. Qxe6 Rc8 31. Qb6 Qg2 32. Ne3 Qh1+ 33. Rd1 Qxh2 34. axb5 axb5 35. Qxb5 Qh5 36. Rd3 Qh1+ 37. Ka2 Qc6 38. Qxc6 Rxc6 39. Rd6 Rxd6 40. exd6 Kb8 41. c4 h5 42. Nf5 Bc8 43. Nh4 Kb7 44. c5 Kc6 45. b4 Kb5 46. Kb3 Bd7 47. Kc3 Be8 48. Nf3 Kc6 49. Kd4 Kb7 50. Ke5 Bc6 51. Nd4 h4 52. Nxc6 h3 53. d7 1-0